| 000 | 00579nam a2200181 i 4500 | ||
|---|---|---|---|
| 001 | 22028 | ||
| 003 | ES-MaACL | ||
| 005 | 20230906152608.0 | ||
| 007 | t| | ||
| 008 | 021129s1960 sp |||| | spa d | ||
| 100 | 1 |
_aAlfaro Pereira, Manuel. _919819 |
|
| 245 | 1 | 0 |
_aMás estampas de Badajoz / _cpor Manuel Alfaro Pereira ; prólogo de Ricardo Carapeto Burgos. |
| 260 |
_aBadajoz : _bAyuntamiento de Badajoz, _c1960. |
||
| 300 |
_a249 p. ; _c26 cm. |
||
| 651 | 4 |
_aBadajoz- _xUsos y costumbres. _9168804 |
|
| 700 | 1 |
_aCarapeto Burgos, Ricardo. _934964 |
|
| 852 |
_aES-MaACL _jC-14050 |
||
| 999 |
_c22028 _d22028 |
||